| 000 | 00464pab a2200181 454500 | ||
|---|---|---|---|
| 008 | 180718b2012 xxu||||| |||| 00| 0 eng d | ||
| 100 | _aVoorpostel, Marieke | ||
| 245 | _aFor better or worse: Negative life events and sibling relationships | ||
| 260 | _c2012 | ||
| 300 | _ap.330-348. | ||
| 362 | _aMay | ||
| 650 | _aChildren | ||
| 700 | _aFlap, Henk | ||
| 700 | _aLippe, Tanja van der | ||
| 773 | _aInternational Sociology | ||
| 908 | _aN | ||
| 909 | _a96664 | ||
| 999 |
_c96664 _d96664 |
||